00925nam a2200217 a 4500999001500000005001700015008004100032040002500073041000800098044000700106090001600113100003600129245021900165260005300384300001000437650004900447662003100496942001600527945001500543952014900558 c6672d667220200602121106.0140130b2008 ck ||||| |||| 00| 0 spa d aCO-BoIAVHcCO-BoIAVH aspa ack aIAVHb01237 aBogotá Gregory, Juan D.96028 aDeterminación taxonómica de los peces ornamentales priorizados por Copisam, Coopesca y empresas de peces de Puerto Carreño, para la elaboración de fichas técnicas y acceso a nuevos mercadosbInforme final aBogotábInstituto Alexander von Humboldtc2008 a36 p. aPeces xClasificación taxonómica9103258 aColombiadPuerto Carreño cLIBRO2z01 d2008-11-07 00102z40708HUMBOLDTIINV2017aBogotabBogotad2008-11-07l1oIAVH-01237p026512r2024-08-09 00:00:00s2016-02-22tEj. 1w2012-12-04yFolleto